Welcome to the Holygrace Academy Library

Please use search bar below to get started

CRAZZY BLOODY THING LOV (Record no. 2332)

MARC details
000 -LEADER
fixed length control field 00302nam a22001337a 4500
020 ## - INTERNATIONAL STANDARD BOOK NUMBER
ISBN 978-93-80349-09-1
082 ## - DEWEY DECIMAL CLASSIFICATION NUMBER
Classification number 823
Item number BOH/C
100 ## - MAIN ENTRY--AUTHOR NAME
Personal name BOHRA,DEEPAK
245 ## - TITLE STATEMENT
Title CRAZZY BLOODY THING LOV
260 ## - PUBLICATION, DISTRIBUTION, ETC. (IMPRINT)
Place of publication NEW DELHI
Name of publisher SRISHTI PUBLISHERS
300 ## - PHYSICAL DESCRIPTION
Number of Pages 215
650 ## - SUBJECT ADDED ENTRY--TOPICAL TERM
Topical Term NOVEL
Geographic subdivision NEW DELHI
942 ## - ADDED ENTRY ELEMENTS (KOHA)
Koha item type Books
Holdings
Withdrawn status Lost status Collection code Home library Current library Shelving location Date acquired Source of acquisition Full call number Accession Number Koha item type
    Fiction Main Library Main Library SHELF-2-D ENGLIAH NOVELS FOR TEACHERS 30/01/2019 PURCHASE 823 BOH/C 10827 Books